000 00695nam a2200217 a 4500
001 000012935
005 20241021092515.0
008 091118s2004 dr a 000 j spa d
020 _a9945100092
040 _aDO-SdBNP
_bspa
_cBNPHU
082 _aRD863.44
_bS684o
100 1 _aSolano, Miguel,
_91543
245 1 0 _aÓpera del cernícalo /
_cMiguel Solano.
260 _aSanto Domingo :
_bCocolo,
_c2004.
300 _a101 p. :
_bil. ;
_c22 cm.
500 _aIncluye datos biográficos del autor en la solapa de la cubierta
590 _aInventariado, 2020 / DG
650 0 _aCuentos dominicanos
_9176
650 0 _aLiteratura dominicana.
_967
910 _aValidado. Control de calidad MMOLINA
999 _c12583
_d12583